Professional web design : Techniques and templates

Bibliographic Details
Main Author: Eccher, Clint
Other Authors: Humley, Eric
Format: Book
Published: Higham : Charles River Media , 2005
Edition:2nd ed.
Subjects:

MARC

LEADER 00000cam a2200000 7i4500
001 0000021792
005 20080624.0
020 |a 1584503653 
040 |a INS 
090 0 0 |a CD 191 
100 1 |a Eccher, Clint 
245 1 0 |a Professional web design :   |b Techniques and templates   |c Clint Eccher [  |h electronic resources] 
250 |a 2nd ed. 
260 |a Higham :   |b Charles River Media ,   |c 2005 
300 |a 1 computer optical disc :   |b col., ill. ;   |c 4 3/4 in. 
650 0 0 |a Web sites design 
700 0 |a Humley, Eric 
999 |a CD00000191   |b CD-ROM   |c Media Collection   |e Default branch